| 000 | 00414cam a2200145ua 4500 | ||
|---|---|---|---|
| 041 |
_amal _h |
||
| 082 |
_a894.812301 _bPAR/AU |
||
| 100 | _aParameswaran Pillai, Erumely. | ||
| 245 |
_aautophum Neelakannikalaum / _cparameswaran Pillai, Erumeli. _hTextual Documents |
||
| 260 |
_aQuilon : _bSree Rama Vilasam Press & Book Depot , _c1959. |
||
| 300 | _a131 ; . | ||
| 504 | _a | ||
| 942 | _cBK | ||
| 999 |
_c12346 _d12346 |
||